000 00594nam a2200193 i 4500
001 146994
003 ES-MaACL
005 20250831124804.0
007 t|
008 070920q19401949sp ||||1| spa d
100 1 _aDarkness, R. J.
_942731
245 1 0 _aCaracterísticas de válvulas /
_cR.J. de Darkness [seud.].
260 _aBarcelona :
_bBruguera,
_c[1942?]
300 _a1 gráf. pleg., 246 p. :
_bil. ;
_c21 cm.
490 1 _aBiblioteca del radio-ténico
830 0 0 _aBiblioteca del radio-técnico
_9220897
852 _aES-MaACL
_jF-15554
_bR.19807
999 _c146994
_d146994